000 00500nam a2200169 a 4500
001 000017051
005 20200929165018.0
008 100316s1951 dr 000 0 spa d
040 _aDO-SdBNP
_bspa
_cBNPHU
082 _axxx
_bH557s
100 1 _aHernández, Jafet D. /
_cJafet D. Hernández
_937627
245 1 0 _aSintaxis de la lengua española.
260 _aCiudad Trujillo :
_bDominicana,
_c1951.
300 _a150 p. ;
_c23 cm.
500 _aIncluye notas al pie de las páginas
049 _aBNPD
999 _c16577
_d16577